100 soruda kırsal Türkiye'nin yapısı ve sorunları (Record no. 7152)

MARC details
000 -BAŞLIK
Sabit Uzunlukta Kontrol Alanı 00672na a2200241 4500
001 - KONTROL NUMARASI
Denetim Alanı 20418
003 - KONTROL NUMARASI IDENTIFIER
Denetim Alanı MIRAKIL
005 - SON İŞLEM TARİHİ VE ZAMANI
Denetim Alanı 20181213155129.0
008 - SABİT-BOY VERİ ELEMANLARI - GENEL BİLGİLER
Sabit Uzunlukta Kontrol Alanı 170119b tu 000 0
040 ## - KATALOGLAMA KAYNAK
Orijinal Kataloglama Ajansı Milas
Kataloglama Dili tur
Metne Dönüştürmek Ajansı TR-AnCHP
041 ## - DİL KODU
Metin / Ses Parça Veya Ayrı Başlığın Dil Kodu tur
082 ## - DEWEY ONLU SINIFLANDIRMA NUMARASI
Sınıflandırma Numarası 307.72
Ürün Numarası T97y 1975
090 ## - SINIFLAMA NUMARASI
Sınıflama Numarası 307.72 T97y 1975
100 ## - ANA GİRİŞ - KİŞİSEL İSİM
Kişisel Ad Tütengil, Cavit Orhan
245 ## - BAŞLIK TABLOSU
Başlık 100 soruda kırsal Türkiye'nin yapısı ve sorunları
260 ## - YAYIN, DAĞITIM, VB
Yayın, Dağıtım, Vb Yeri İstanbul
Yayıncı, Dağıtıcı, Vs Adı Gerçek Yayınevi
Yayın, Dağıtım, Vb Tarihi 1975
300 ## - FİZİKSEL TANIM
Kapsam 192 s.
Boyutlar 19 sm.
500 ## - GENEL NOT
Genel Not Yasin Erol Sönmez bağışıdır.
504 ## - KAYNAKÇA VB NOT
Kaynakça Vb Notu Kaynakça var.
650 ## - KONU KATMA GİRİŞ - TOPİKAL DÖNEM
Topikal Süreli Veya Coğrafi Ad Giriş Elemanı Köy sosyolojisi
650 ## - KONU KATMA GİRİŞ - TOPİKAL DÖNEM
Topikal Süreli Veya Coğrafi Ad Giriş Elemanı Kır sosyolojisi
Genel Alt Bölümü Türkiye
942 ## - EKLENDİ GİRİŞ ELEMANLARI (KOHA)
Sınıflandırma Veya Raf Düzeni Kaynak
Koha Öğesi Türü Books
999 ## - SİSTEM KONTROL NUMARALARI (KOHA)
Koha Biblionumber 7152
Koha Biblioitemnumber 7152
Holdings
Kalıcı Konum Mevcut Konum Edinme Tarihi Edinim Kaynak Toplam Check-Out'Lar Tam Çağrı Numarası Barkod Tarih Son Görülme İtibaren Geçerli Fiyatlar Koha Öğesi Türü
CHP Kütüphanesi CHP Kütüphanesi 01/19/2017 Bağış   307.72 T97y 1975 012026 01/19/2017 01/19/2017 Books